000 00620nam a2200193Ia 4500
003 GCL
008 140319s9999 xx 000 0 ara d
040 _aGCL /
_cGCL
082 0 4 _aط
_b813.087
_bن ا
100 1 _aنبيل فاروق
245 1 0 _aازراق ( الجزء الثالث) /
_cنبيل فاروق
260 _a[S.N] :
_bالمؤسسة العربية الحديثة
300 _a404 ص
490 _aروايات مصرية للحياة- كتب الجيب للاذكياء
_v0
650 0 4 _aقصص البطولات
650 0 4 _aالاطفال
650 0 4 _aقصص الاطفال
942 _2ddc
_cBK
999 _c34989
_d34989